Leaders of The United States of America - Statistics

General Stats
  • This quiz has been taken 16 times
  • The average score is 70 of 136
Answer Stats
Country Years in Power Leader % Correct
United States of America 1861-1865 Abraham Lincoln
100%
United States of America 2009-2017 Barack Obama
100%
United States of America 2017-2021 Donald Trump
100%
United States of America 2025- Donald Trump
100%
United States of America 1789-1797 George Washington
100%
United States of America 2021-2025 Joe Biden
100%
United States of America 1961-1963 John F. Kennedy
100%
United States of America 1801-1809 Thomas Jefferson
100%
United States of America 1993-2001 Bill Clinton
93%
United States of America 1933-1945 Franklin D. Roosevelt
93%
United States of America 1989-1993 George H.W. Bush
93%
Great Britain 1714-1727 George I
93%
Great Britain 1727-1760 George II
93%
Great Britain 1760-1820 George III
93%
Great Britain 1820-1830 George IV
93%
United States of America 2001-2009 George W. Bush
93%
United States of America 1974-1977 Gerald Ford
93%
United States of America 1969-1974 Richard Nixon
93%
United States of America 1981-1989 Ronald Reagan
93%
United States of America 1901-1909 Theodore Roosevelt
93%
United States of America 1913-1921 Woodrow Wilson
93%
United States of America 1865-1869 Andrew Johnson
86%
United States of America 1945-1953 Harry S. Truman
86%
Japan 1942-1943 Hirohito
86%
United States of America 1977-1981 Jimmy Carter
86%
United States of America 1797-1801 John Adams
86%
United States of America 1825-1829 John Quincy Adams
86%
United States of America 1963-1969 Lyndon B. Johnson
86%
United States of America 1829-1837 Andrew Jackson
79%
United States of America 1889-1893 Benjamin Harrison
79%
United States of America 1923-1929 Calvin Coolidge
79%
United States of America 1953-1961 Dwight D. Eisenhower
79%
United States of America 1885-1889 Grover Cleveland
79%
United States of America 1893-1897 Grover Cleveland
79%
United States of America 1929-1933 Herbert Hoover
79%
United States of America 1809-1817 James Madison
79%
United States of America 1817-1825 James Monroe
79%
France 1610-1643 Louis XIII
79%
France 1643-1715 Louis XIV
79%
France 1715-1763 Louis XV
79%
United States of America 1869-1877 Ulysses S. Grant
79%
United States of America 1841 William Henry Harrison
79%
Netherlands 1647-1650 William II
79%
England 1689-1702 William III
79%
Netherlands 1672-1702 William III
79%
Great Britain 1830-1837 William IV
79%
United States of America 1909-1913 William Taft
79%
Russia 1762-1796 Catherine II
71%
Netherlands 1625-1647 Frederick Henry
71%
France 1547-1559 Henry II
71%
France 1574-1589 Henry III
71%
France 1589-1610 Henry IV
71%
United States of America 1857-1861 James Buchanan
71%
United States of America 1881 James Garfield
71%
United States of America 1841-1845 John Tyler
71%
United States of America 1837-1841 Martin Van Buren
71%
United States of America 1921-1923 Warren G. Harding
71%
United States of America 1897-1901 William McKinley
71%
Spain 1516-1556 Charles I
64%
Spain 1665-1700 Charles II
64%
England 1660-1685 Charles II
64%
Spain 1759-1788 Charles III
64%
Spain 1788-1808 Charles IV
64%
France 1560-1574 Charles IX
64%
England 1603-1625 James I
64%
England 1685-1688 James II
64%
United States of America 1845-1849 James K. Polk
64%
United States of America 1877-1881 Rutherford B. Hayes
64%
United States of America 1849-1850 Zachary Taylor
64%
United States of America 1881-1885 Chester A. Arthur
57%
Spain 1513-1516 Ferdinand II
57%
Spain 1746-1759 Ferdinand VI
57%
Spain 1808-1821 Ferdinand VII
57%
United States of America 1853-1857 Franklin Pierce
57%
Confederate States of America 1862-1865 Jefferson Davis
57%
United States of America 1850-1853 Millard Fillmore
57%
France 1800-1803 Napoleon Bonaparte
57%
Texas 1836-1838 Sam Houston
57%
Texas 1841-1844 Sam Houston
57%
Mexico 1824-1829 Guadalupe Victoria
50%
England 1689-1694 Mary II
50%
Russia 1825-1855 Nicholas I
50%
Great Britain 1837-1846 Victoria
50%
Russia 1801-1825 Alexander I
43%
Russia 1855-1867 Alexander II
43%
England 1653-1658 Oliver Cromwell
43%
Great Britain 1702-1714 Anne
36%
Mexico 1833-1855 Antonio López de Santa Anna
36%
Mexico 1846-1847 Antonio López de Santa Anna
36%
Spain 1556-1598 Philip II
36%
Spain 1598-1621 Philip III
36%
Spain 1621-1665 Philip IV
36%
Spain 1700-1746 Philip V
36%
England 1658-1659 Richard Cromwell
36%
England 1625-1649 Charles I
29%
Hawaii 1795-1819 Kamehameha I
29%
Hawaii 1819-1824 Kamehameha II
29%
Hawaii 1825-1854 Kamehameha III
29%
Hawaii 1855-1863 Kamehameha IV
29%
Hawaii 1863-1872 Kamehameha V
29%
Russia 1796-1801 Paul I
29%
France 1515-1547 Francis I
21%
France 1559-1560 Francis II
21%
Mexico 1821-1823 Agustín de Iturbide
7%
Indian Stream 1832-1835 Luther Parker
7%
Netherlands 1585-1625 Maurice
7%
Mexico 1830-1832 Anastasio Bustamante
0%
Mexico 1837-1839 Anastasio Bustamante
0%
Texas 1844-1846 Anson Jones
0%
Sweden 1654-1660 Charles X Gustav
0%
Sweden 1632-1654 Christina
0%
Texas 1836 David G. Burnet
0%
Mexico 1841 Fransisco Javier Echeverría
0%
West Florida 1810 Fulwar Skipwith
0%
Mexico 1844-1846 José Joaquín de Herrera
0%
Mexico 1836-1837 José Justo Corro
0%
Mexico 1829 José María Bocanegra
0%
Mexico 1846 José Mariano Salas
0%
Hawaii 1874-1891 Kalākaua
0%
Hawaii 1891-1893 Liliʻuokalani
0%
Hawaii 1873-1874 Lunalilo
0%
Mexico 1847-1848 Manuel de la Peña y Peña
0%
Mexico 1832-1833 Manuel Gómez Pedraza
0%
Mexico 1846 Mariano Paredes y Arrillaga
0%
Mexico 1832 Melchor Múzquiz
0%
Mexico 1835-1836 Miguel Barragán
0%
Texas 1838-1841 Mirabeau B. Lamar
0%
Mexico 1839 Nicolás Bravo
0%
Mexico 1847 Pedro María Anaya
0%
Hawaii 1894-1898 Sanford B. Dole
0%
Vermont 1778-1789 Thomas Chittenden
0%
Mexico 1843-1844 Valentín Canalizo
0%
Mexico 1833-1834 Valentín Gómez Farías
0%
Mexico 1846 Valentín Gómez Farías
0%
Mexico 1829 Vicente Guerro
0%
California 1846 William Ide
0%
No matching quizzes found
Score Distribution
Percent of People with Each Score
Percentile by Number Answered
Your Score History
You have not taken this quiz